Screening early modern drama :beyond Shakespeare

Salvato in:
Dettagli Bibliografici
Autore principale: EABISCHER, Pascale
Natura: Libro
Lingua:inglese
Pubblicazione: Cambridge University Press 2013
Tags: Aggiungi Tag
Nessun Tag, puoi essere il primo ad aggiungerne!!

MARC

LEADER 00000nam a22000007a 4500
008 210708b ||||| |||| 00| 0 eng d
020 |a 9781107024939 
100 |a EABISCHER, Pascale 
245 |a Screening early modern drama  |b :beyond Shakespeare  |c Pascale Eabischer  |g xi,274p.:ill. 
260 |b Cambridge University Press  |c 2013  |h Cambridge  |i 696410  |i 696411  |l PN1997.85.Ea1  |m Shakespeare, William, 1564-1616--Film adaptation  |m Film adaptations--History and criticism  |m English drama--early modern and Elizabethan, 1500-1600--Film adaptation  |m Motion pictures and literature  |m Motion pictures-- Great Britain--History--20th century 
500 |a It includes bibliography and index 
942 |a lcc  |c BK  |e Kuteyi M. A.  |f 8/7/2021 
952 |0 0  |1 0  |2 lcc  |4 0  |6 PN199785 E A1  |7 0  |9 2743  |a HOL  |b HOL  |c LP  |d 2021-07-08  |l 0  |o PN1997.85.Ea1  |p 2021-6588  |r 2021-07-08 00:00:00  |w 2021-07-08  |y BK 
952 |0 0  |1 0  |2 lcc  |4 0  |6 PN199785 E A1  |7 0  |9 2744  |a HOL  |b ART  |c LP  |d 2021-07-08  |l 0  |o PN1997.85.Ea1  |p 2021-6589  |r 2021-07-08 00:00:00  |w 2021-07-08  |y BK 
999 |c 1430  |d 1430